000 00271nam a22001097a 4500
008 170118b xxu||||| |||| 00| 0 eng d
020 _a9780781768641
041 _aeng
080 _a618.2
245 _aTRENTS&ISSUES IN PROFESSIONAL NURSING
_cOVERHOLT, E.F
942 _2udc
_cBK
999 _c3061
_d3061